Top 10 Countries that Consume the Most Chocolate - Statistics

General Stats
  • This quiz has been taken 78 times
  • The average score is 8 of 10
Answer Stats
Chocolate Consumption per Capita (kg) Answer % Correct
8.8 Switzerland
96%
7.6 United Kingdom
96%
5.6 Belgium
93%
7.9 Germany
90%
6.6 Sweden
89%
8.1 Austria
85%
5.8 Norway
81%
5.7 Poland
75%
7.9 Ireland
67%
6.5 Estonia
42%
No matching quizzes found
Score Distribution
Percent of People with Each Score
Percentile by Number Answered
Your Score History
You have not taken this quiz